The Importance of Cultural Heritage in Tourism
Cieľom príspevku je sledovať záujem o tému kultúry a kultúrneho dedičstva a vplyv kultúrneho dedičstva na výkonnosť krajiny. Prírodné a kultúrne zdroje sú predpokladom rozvoja cestovného ruchu. Súvisí to so zvyšujúcim sa záujmom o objavovanie a učenie sa rôznych kultúr a kultúrneho dedičstva. Tento...
Na minha lista:
| Autor principal: | |
|---|---|
| Outros Autores: | , |
| Formato: | Capítulo de Livro |
| Idioma: | inglês |
| Assuntos: | |
| Tags: |
Sem tags, seja o primeiro a adicionar uma tag!
|
MARC
| LEADER | 00000naa a2200000 4500 | ||
|---|---|---|---|
| 001 | 0304640 | ||
| 005 | 20241211121511.0 | ||
| 041 | 0 | |a eng | |
| 044 | |a SK | ||
| 245 | 1 | 0 | |a The Importance of Cultural Heritage in Tourism |c Miroslava Čukanová, Paulína Krnáčová, Vanesa Pospíšilová |
| 520 | |a Cieľom príspevku je sledovať záujem o tému kultúry a kultúrneho dedičstva a vplyv kultúrneho dedičstva na výkonnosť krajiny. Prírodné a kultúrne zdroje sú predpokladom rozvoja cestovného ruchu. Súvisí to so zvyšujúcim sa záujmom o objavovanie a učenie sa rôznych kultúr a kultúrneho dedičstva. Tento typ cestovného ruchu sa zaoberá nielen infraštruktúrou, ale predstavuje aj také aspekty, ako je životný štýl, preferencie a záujmy, hodnotové systémy, rôzne tradície a systémy viery. Jednou z možností, ako porovnávať a merať úroveň a vývoj kultúrneho dedičstva v jednotlivých krajinách, sú indexy konkurencieschopnosti. Zameriavame sa na Index rozvoja cestovania a turizmu, konkrétne subindex prírodných a kultúrnych zdrojov, ktorý umožňuje identifikovať súčasný stav krajín/ekonomík v oblasti rozvoja kultúrneho dedičstva. Výsledky regresnej analýzy potvrdili vplyv kultúrneho dedičstva na HDP na obyvateľa. | ||
| 610 | 2 | 0 | |a ruch cestovný |
| 610 | 2 | 0 | |a dedičstvo kultúrne |
| 610 | 2 | 0 | |a kultúra |
| 610 | 2 | 0 | |a produkt domáci hrubý |
| 100 | 1 | |a Čukanová, Miroslava, 1984- | |
| 700 | 1 | |a Krnáčová, Paulína, 1983- | |
| 700 | 1 | |a Pospíšilová, Vanesa, 1998- | |